| 000 | 00927nam a2200229 i 4500 | ||
|---|---|---|---|
| 001 | 181846 | ||
| 003 | ES-MaACL | ||
| 005 | 20231020155752.0 | ||
| 008 | 130430s2009 sp |||| | spa d | ||
| 080 | _a821.134.2-14"19"(082.2) | ||
| 245 | 0 | 0 |
_aPalestina en el corazón _b: recital poético por la paz / _cpromovido y organizado por el profesor y poeta Mahmud Sobh ; con la colaboración de Angeles Fernangómez y José Bárcena. |
| 260 |
_a[S.l.] : _bGeorge Massaad, _c[2009?] |
||
| 300 |
_a117 p. : _bil. ; _c23 cm. |
||
| 500 | _aEn port.: Café Gijón (Madrid) 19 febrero 2009, Ateneo de Madrid 27 de mayo 2009. | ||
| 650 | 4 |
_aPoesías españolas- _yS.XX. _916221 |
|
| 700 | 0 |
_aSobh, Mahmud. _9106985 |
|
| 710 | 2 |
_aAteneo de Madrid. _91875 |
|
| 710 | 2 |
_aCafé Gijón (Madrid) _9152646 |
|
| 852 |
_aES-MaACL _jA-12673 _9188754 _bR.148648 _cDEPO1 _dOlim: N-5674 |
||
| 942 |
_2udc _cMONOGRAFIA |
||
| 999 |
_c181846 _d181846 |
||